Methods, techniques and practice of teaching (A) (Record no. 9163)

MARC details
000 -LEADER
fixed length control field 00679cam a2200229ua 4500
008 - FIXED-LENGTH DATA ELEMENTS--GENERAL INFORMATION
fixed length control field 170921n ii |||gr||||Z||||||asm
020 ## - INTERNATIONAL STANDARD BOOK NUMBER
International Standard Book Number 9789382030638
040 ## - CATALOGING SOURCE
Transcribing agency MAIN
041 ## - LANGUAGE CODE
-- asm
082 ## - DEWEY DECIMAL CLASSIFICATION NUMBER
Classification number 371.3
100 ## - MAIN ENTRY--PERSONAL NAME
Personal name Das, Subhash Chandra,
Relator term
245 ## - TITLE STATEMENT
Title Methods, techniques and practice of teaching (A)
Statement of responsibility, etc. By Subhash Chandra Das, Jogesh Changmai and Rantu Gohain
250 ## - EDITION STATEMENT
Edition statement 1st ed.
260 ## - PUBLICATION, DISTRIBUTION, ETC.
Place of publication, distribution, etc. Jorhat:
Name of publisher, distributor, etc. Unika prakashan,
Date of publication, distribution, etc. 2015.
300 ## - PHYSICAL DESCRIPTION
Extent 312p.
700 ## - ADDED ENTRY--PERSONAL NAME
Personal name Changmai, Jogesh,
Relator term
700 ## - ADDED ENTRY--PERSONAL NAME
Personal name Gohain, Rantu,
Relator term
942 ## - ADDED ENTRY ELEMENTS (KOHA)
Koha item type Books
653 ## - INDEX TERM--UNCONTROLLED
Uncontrolled term Schools & their activities special education
653 ## - INDEX TERM--UNCONTROLLED
Uncontrolled term Methods of teaching
Holdings
Withdrawn status Lost status Damaged status Not for loan Home library Current library Shelving location Date acquired Total Checkouts Full call number Barcode Date last seen Date last checked out Copy number Price effective from Koha item type
        Central Library, Naharkatiya College Central Library, Naharkatiya College General Stacks 19/09/2020 8 371.3Methods of teaching | DAS 23771 27/08/2025 12/08/2025 4 19/09/2020 Books
        Central Library, Naharkatiya College Central Library, Naharkatiya College General Stacks 19/09/2020 7 371.3Methods of teaching | DAS 23772 03/11/2025 29/10/2025 3 19/09/2020 Books
        Central Library, Naharkatiya College Central Library, Naharkatiya College General Stacks 19/09/2020 6 371.3Methods of teaching | DAS 23773 25/11/2025 24/10/2025 2 19/09/2020 Books
        Central Library, Naharkatiya College Central Library, Naharkatiya College General Stacks 19/09/2020 9 371.3Methods of teaching | DAS 23774 04/12/2025 06/11/2025 1 19/09/2020 Books

Naharkatiya College © 2020. All rights reserved.

Powered By